| 000 | 00703nam a2200205Ia 4500 | ||
|---|---|---|---|
| 003 | GCL | ||
| 008 | 140319s9999 xx 000 0 ara d | ||
| 040 |
_aGCL / _cGCL |
||
| 082 | 0 | 4 |
_a872.008 _bا م |
| 100 | 1 | _aمحمد صقر خفاجة | |
| 245 | 1 | 0 |
_aمن الادب اللاتينى : اندريا والاخوان / _cمحمد صقر خفاجة |
| 700 | 1 | _aافير، ترنتيوس | |
| 700 | 1 | _aمحمد سليم سالم (ترجمة) | |
| 700 | 1 | _aاحمد رفعت | |
| 490 |
_aالالف كتاب _v0 |
||
| 650 | 0 | 4 | _aالمسرحيات اليونانية |
| 650 | 0 | 4 | _aالادب اليونانى المترجم |
| 650 | 0 | 4 | _aالادب العالمى المترجم |
| 942 |
_2ddc _cBK |
||
| 999 |
_c43902 _d43902 |
||